| 000 | 00729nam a2200181 i 4500 | ||
|---|---|---|---|
| 001 | 151755 | ||
| 003 | ES-MaACL | ||
| 005 | 20251003192803.0 | ||
| 008 | 051005s1896 ve |||| |bspa d | ||
| 080 | _a929 Miranda, Francisco de | ||
| 100 | 1 |
_aBecerra, Ricardo. _926882 |
|
| 245 | 1 | 0 |
_aEnsayo histórico documentado de la vida de Francisco de Miranda _b: general de los ejércitos de la primera república francesa y generalísimo de los de Venezuela / _cpor Ricardo Becerra. |
| 260 |
_aCaracas : _b[s.n.], _c1896 ( _fImprenta Colón) |
||
| 300 |
_aCLVII, 553 p. ; _c30 cm. |
||
| 600 | 1 | 7 |
_aMiranda, Francisco de, _d1750-1816- _vBiografías _2 _9129975 |
| 852 |
_aES-MaACL _jC-11211 _z. - Enc. hol. |
||
| 999 |
_c151755 _d151755 |
||